| 000 | 00620nam a2200193 a 4500 | ||
|---|---|---|---|
| 001 | 000022859 | ||
| 005 | 20200930021836.0 | ||
| 008 | 101119s1971 sp r 000 0 spa d | ||
| 040 |
_aDO-SdBNP _bspa _cBNPHU |
||
| 082 |
_axxxx _bL249q |
||
| 100 | 1 |
_aLanciotti, Lionello _946980 |
|
| 245 | 1 | 0 |
_aQué ha dicho verdaderamente Confucio / _cLionello Lanciotti ; traducción Mariano Antolín-Rato. |
| 260 |
_aMadrid : _bDoncel, _c1971. |
||
| 300 |
_a133 p. ; _c18 cm. |
||
| 500 | _aIncluye bibliografía. | ||
| 534 | _aChe cosa ha veramente detto Confucio. | ||
| 700 | 1 |
_aAntolín-Rato, Mariano, _etr. _946981 |
|
| 049 | _aBNGR | ||
| 999 |
_c22356 _d22356 |
||